000 01054nam0a22002651 4500
001 RU\NLR\INFOCOMM_195\5000031485
005 20260406110637.0
035 _a(NLR Aleph) 009116669
090 _a8194063
_c8194063
100 _a20090217d1989 |||y0rusy50 ca
101 0 _ager
102 _aRU
105 _aa ||||000|y
200 1 _aBesuch des Generalsekretärs des ZK der KPdSU und Vorsitzenden des Präsidiums des Obersten Sowjets 1989
_eDok. u. Materialien
210 _aΜ.
_cAPN-Verl.
_d1989
215 _a42, [6] с.
_cил., портр.
_d19 см
300 _aНа обороте тит. л.: Визит М. С. Горбачева на Кубу, 2 -5 апреля 1989 г.: Документы и материалы
686 _aТ3(2)73-64(7Ку)
_2rubbk
686 _aТ3(7Ку)7-64(2)
_2rubbk
702 1 _4570
_8rus
_7ba
_aGorbačev
_bM. S.
_cгос. деятель
_f1931-2022
_gMichail Sergeevič
_3RU\NLR\AUTH\77110387
_993312
801 1 _aRU
_bNLR
_c20090217
801 0 _aRU
_bNLR
_gPSBO
852 _aNLR
_jИ25 Д-4/556
942 _cBOOK
980 _aNB